Verbes irréguliers anglais - Statistiques

Statistiques générales
  • Ce quiz a été pris 84 fois
  • Le résultat moyen est 17 sur 89
Statistiques - réponses
Hint Réponse % Correct
parier bet bet bet
69%
couper cut cut cut
65%
lire read read read
56%
mettre put put put
55%
coûter cost cost cost
47%
courir run ran run
42%
acheter buy bought bought
40%
devenir become became become
38%
sentir, ressentir feel felt felt
36%
frapper hit hit hit
36%
blesser hurt hurt hurt
36%
combattre fight fought fought
35%
saigner bleed bled bled
33%
rêver dream dreamt dreamt
33%
trouver find found found
33%
venir come came come
31%
nourrir feed fed fed
29%
garder keep kept kept
29%
payer pay paid paid
29%
dire say said said
29%
construire build built built
27%
dormir sleep slept slept
27%
apporter bring brought brought
25%
laisser, louer let let let
25%
envoyer send sent sent
25%
brûler burn burnt burnt
24%
avoir have had had
24%
faire do did done
22%
manger eat ate eaten
22%
obtenir get got got
22%
fermer shut shut shut
22%
gagner win won won
22%
battre beat beat beaten
20%
perdre lose lost lost
20%
éclater burst burst burst
18%
vendre sell sold sold
18%
souffler blow blew blown
16%
dessiner draw drew drawn
16%
boire drink drank drunk
16%
donner give gave given
16%
aller go went gone
16%
quitter, partir leave left left
16%
comprendre understand understood understood
16%
mordre bite bit bitten
15%
choisir choose chose chosen
15%
oublier forget forgot forgotten
15%
faire, fabriquer make made made
15%
être assis sit sat sat
15%
sentir smell smelt smelt
15%
être debout stand stood stood
15%
prendre take took taken
15%
enseigner teach taught taught
15%
dire, raconter tell told told
15%
commencer begin began begun
13%
diffuser broadcast broadcast broadcast
13%
conduire drive drove driven
13%
tomber fall fell fallen
13%
entendre hear heard heard
13%
tenir hold held held
13%
apprendre learn learnt learnt
13%
rencontrer meet met met
13%
passer, dépenser spend spent spent
13%
savoir, connaître know knew known
11%
mener lead led led
11%
parler speak spoke spoken
11%
nager swim swam swum
11%
penser think thought thought
11%
écrire write wrote write
11%
signifier, vouloir dire mean meant meant
9%
voir see saw seen
9%
chanter sing sang sung
9%
jeter cast cast cast
7%
grandir, pousser grow grew grown
7%
s'élever rise rose risen
7%
distribuer deal dealt dealt
5%
voler (dans l'air) fly flew flown
5%
abandonner, cesser quit quit quit
5%
élever breed bred bred
4%
prévoir forecast forecast forecast
4%
cacher hide hid hidden
4%
poser à plat, étendre lay laid laid
4%
prêter lend lent lent
4%
allumer light lit lit
4%
sonner ring rang rung
4%
réveiller wake woke woken
4%
être allongé, couché lie lay lain
0%
vaincre, surmonter overcome overcame overcome
0%
prouver prove proved proven
0%
montrer show showed shown
0%
Aucun quiz correspondant
Distribution des résultats
% des personnes avec chaque résultat
Percentile par nombre de réponses
Votre historique - résultats
Vous n’avez pas pris ce quiz